|
|
|
|
| LEADER |
00000nam0a2200000 4500 |
| 001 |
259877 |
| 005 |
20231101233427.0 |
| 035 |
|
|
|a (RuTPU)RU\TPU\book\282823
|
| 090 |
|
|
|a 259877
|
| 100 |
|
|
|a 20140513d1974 m y0rusy50 ca
|
| 101 |
0 |
|
|a rus
|
| 102 |
|
|
|a RU
|
| 105 |
|
|
|a a z 000ay
|
| 200 |
1 |
|
|a Как закалялась сталь
|e роман
|f Н. А. Островский
|g под ред. А. И. Стройло ; В. Минаев
|
| 210 |
|
|
|a Москва
|c Советская Россия
|d 1974
|
| 215 |
|
|
|a 351 с.
|c ил.
|
| 606 |
1 |
|
|a Русская литература современная
|2 stltpush
|3 (RuTPU)RU\TPU\subj\26373
|9 50316
|
| 610 |
1 |
|
|a художественная литература
|
| 610 |
1 |
|
|a советская литература
|
| 610 |
1 |
|
|a романы
|
| 610 |
1 |
|
|a Гражданская война 1918-1921
|
| 610 |
1 |
|
|a революционная борьба
|
| 675 |
|
|
|a Р2
|v 3
|
| 700 |
|
1 |
|a Островский
|b Н. А.
|c русский писатель
|c участник Гражданской войны
|f 1904-1936
|g Николай Алексеевич
|2 stltpush
|3 (RuTPU)RU\TPU\pers\16728
|4 070
|9 6040
|
| 702 |
|
1 |
|a Стройло
|b А. И.
|4 340
|
| 702 |
|
1 |
|a Минаев
|b В.
|4 040
|
| 801 |
|
1 |
|a RU
|b 63413507
|c 20140513
|
| 801 |
|
2 |
|a RU
|b 63413507
|c 20211004
|g RCR
|
| 942 |
|
|
|c BK
|